000 00777nam#a22003015ar4500
001 380
008 060829s1954####ag#a###d######001#0#spa#d
245 1 0 _aCurso de Contabilidad Práctica. /
_cDionisio Villamonte, Anastasio Monaco, Guillermo Lopez.
250 _a1ª ed.
260 _aBuenos Aires :
_bParaná,
_c1954.
300 _a143 p. :
_bil. ;
_c23 cm.
100 1 _aVillamonte, Dionisio.
700 1 _aMonaco, Anastasio.
700 1 _aLopez, Guillermo.
080 _a657.32
084 _aV66
653 _aActividades Económica
653 _aRecibos
653 _aCheques
653 _aComercio
653 _aCuenta
653 _aCapital
653 _aBalance
040 _aAR-ClEAG
_cAR-ClEAG
005 20241107184633.0
003 AR-ClEAG
942 _cBK
999 _c380
_d380
980 _62
_aEvangelina Gallicchio
_82
_gEvangelina Gallicchio